[Event "New Delhi Parsvnath op 10th"]
[Site "New Delhi"]
[Date "2012.01.17"]
[Round "5"]
[White "Oleksienko, Mikhailo"]
[Black "Rajkumar, Shrinjan Singha"]
[Result "1-0"]
[WhiteElo "2563"]
[BlackElo "1848"]
[PlyCount "55"]
[EventDate "2012.01.15"]
[EventType "swiss"]
[EventRounds "11"]
[EventCountry "IND"]
[SourceTitle "CBM 146 Extra"]
[Source "ChessBase"]
[SourceDate "2012.02.29"]
[SourceVersion "1"]
[SourceVersionDate "2012.02.29"]
[SourceQuality "1"]

1. e4 c5 2. Nf3 d6 3. c3 Nf6 4. h3 g6 5. Bd3 Bg7 6. 0-0 0-0 7. Bc2 Nc6 8. d4 cxd4 9. cxd4 d5 10. e5 Ne4 11. Nc3 f5 12. Nxd5 e6 13. Nf4 Bd7 14. h4 Ne7 15. Bb3 Qb6 16. Be3 Qa6 17. d5 Bb5 18. d6 Nc6 19. Nxe6 Kh8 20. Nxf8 Bxf1 21. Qxf1 Rxf8 22. Bf4 Rd8 23. Rd1 Bf8 24. Ng5 Nxg5 25. Bxg5 Rd7 26. e6 Rxd6 27. Rxd6 Bxd6 28. Bf6+ 1-0

[Event "New Delhi Parsvnath op 10th"]
[Site "New Delhi"]
[Date "2012.01.15"]
[Round "1"]
[White "Ulybin, Mikhail"]
[Black "Rajkumar, Shrinjan Singha"]
[Result "1-0"]
[WhiteElo "2587"]
[BlackElo "1848"]
[PlyCount "71"]
[EventDate "2012.01.15"]
[EventType "swiss"]
[EventRounds "11"]
[EventCountry "IND"]
[SourceTitle "CBM 146 Extra"]
[Source "ChessBase"]
[SourceDate "2012.02.29"]
[SourceVersion "1"]
[SourceVersionDate "2012.02.29"]
[SourceQuality "1"]

1. Nf3 d5 2. d4 Nf6 3. c4 c6 4. Nc3 e6 5. g3 dxc4 6. Bg2 b5 7. Ne5 a6 8. a4 Bb7 9. 0-0 Nd5 10. e4 Nxc3 11. bxc3 Nd7 12. f4 Be7 13. Ng4 h5 14. Ne3 h4 15. Ba3 Bxa3 16. Rxa3 hxg3 17. hxg3 Qc7 18. Ra2 0-0-0 19. Qb1 g5 20. e5 gxf4 21. Rxf4 Rdg8 22. Rxf7 Rxg3 23. Qe1 Rhg8 24. Nf5 exf5 25. e6 c5 26. exd7+ Qxd7 27. Rxd7 Rxg2+ 28. Rxg2 Rxg2+ 29. Kf1 Kxd7 30. dxc5 Rh2 31. Qd1+ Kc8 32. Qd6 Rh1+ 33. Kf2 Rc1 34. c6 Rc2+ 35. Ke1 Rxc3 36. Qd7+ 1-0

[Event "Visakhapatnam op"]
[Site "Visakhapatnam"]
[Date "2011.11.24"]
[Round "1"]
[White "Lalith, Babu MR"]
[Black "Rajkumar, Shrinjan Singha"]
[Result "1-0"]
[WhiteElo "2484"]
[BlackElo "1878"]
[PlyCount "135"]
[EventDate "2011.11.24"]
[EventType "swiss"]
[EventRounds "11"]
[EventCountry "IND"]
[SourceTitle "CBM 145 Extra"]
[Source "ChessBase"]
[SourceDate "2012.01.03"]
[SourceVersion "1"]
[SourceVersionDate "2012.01.03"]
[SourceQuality "1"]

1. Nf3 d5 2. d4 Nf6 3. c4 e6 4. Nc3 c6 5. Qd3 dxc4 6. Qxc4 b5 7. Qd3 Nbd7 8. e4 b4 9. Na4 Qa5 10. b3 c5 11. Be3 Bb7 12. dxc5 Bxe4 13. Qb5 Qxb5 14. Bxb5 a6 15. Be2 Ng4 16. Rc1 Nxe3 17. fxe3 Bc6 18. Nb6 Nxb6 19. cxb6 Bb7 20. 0-0 Bd6 21. Nd2 Ke7 22. Nc4 Bc5 23. Kh1 Rhc8 24. Na5 Bxe3 25. Rxc8 Rxc8 26. Nxb7 Bxb6 27. Rd1 Rc2 28. Bxa6 e5 29. Nd6 Rxa2 30. Nc8+ Kf6 31. Nxb6 Rxa6 32. Nd5+ Kg6 33. Nxb4 Rb6 34. Nd3 e4 35. Nc5 e3 36. Kg1 e2 37. Re1 Rb5 38. Nd3 Rxb3 39. Ne5+ Kf6 40. Rxe2 h5 41. h4 Kf5 42. Nf3 Rb1+ 43. Kf2 f6 44. Ra2 g6 45. Ra5+ Ke6 46. Nd4+ Kd6 47. Ra6+ Ke5 48. Nc6+ Ke6 49. Nb4+ Ke5 50. Nd3+ Ke4 51. Ke2 Kf5 52. Kf3 g5 53. Ra5+ Kg6 54. Ke4 Rg1 55. hxg5 fxg5 56. Ne5+ Kf6 57. Ra6+ Ke7 58. Ra2 g4 59. Kf5 Rf1+ 60. Kg5 g3 61. Ng6+ Ke6 62. Re2+ Kd6 63. Re3 h4 64. Nxh4 Rf8 65. Nf5+ Kd5 66. Rxg3 Ke5 67. Re3+ Kd5 68. g4 1-0